[Event "CZE-chT2F 1718"]
[Site "Czech Republic"]
[Date "2018.01.28"]
[Round "7.8"]
[White "Cervenka, Roman"]
[Black "Lojek, Marek"]
[Result "1/2-1/2"]
[WhiteElo "1736"]
[BlackElo "2089"]
[PlyCount "64"]
[EventDate "2017.10.15"]
[EventType "team-tourn"]
[EventRounds "11"]
[EventCountry "CZE"]
[SourceTitle "EXT 2022"]
[Source "ChessBase"]
[SourceDate "2021.10.06"]
[SourceVersion "1"]
[SourceVersionDate "2021.10.06"]
[SourceQuality "1"]
[WhiteTeam "Havirov Slovan"]
[BlackTeam "Orlova Slavia"]
[WhiteTeamCountry "CZE"]
[BlackTeamCountry "CZE"]

1. e4 c5 2. Nc3 Nc6 3. f4 d6 4. Nf3 Bg4 5. Bb5 e6 6. Bxc6+ bxc6 7. 0-0 g6 8. h3 Bxf3 9. Qxf3 Bg7 10. f5 Qc7 11. fxe6 fxe6 12. d3 e5 13. Bg5 Nf6 14. Bxf6 0-0 15. Qg4 Bxf6 16. Rf2 Qc8 17. Qxc8 Raxc8 18. Raf1 Bg5 19. Rxf8+ Rxf8 20. Rxf8+ Kxf8 21. Kf2 Bc1 22. b3 Ke7 23. Ne2 Bd2 24. Kf3 d5 25. c4 d4 26. h4 Kd6 27. Ng3 Kc7 28. h5 Kb6 29. hxg6 hxg6 30. Ke2 Bf4 31. Nf1 Ka5 32. Nd2 Kb6 1/2-1/2

[Event "Orlova op 13th"]
[Site "Orlova"]
[Date "2016.05.24"]
[Round "4"]
[White "Havelka, Ondrej"]
[Black "Cervenka, Roman"]
[Result "1-0"]
[WhiteElo "1999"]
[BlackElo "1777"]
[PlyCount "55"]
[EventDate "2016.05.21"]
[EventType "swiss"]
[EventRounds "9"]
[EventCountry "CZE"]
[SourceTitle "EXT 2017"]
[Source "ChessBase"]
[SourceDate "2016.10.25"]
[SourceVersion "1"]
[SourceVersionDate "2016.10.25"]
[SourceQuality "1"]

1. d4 c6 2. c4 d5 3. Nf3 Nf6 4. Nc3 e6 5. Bg5 Be7 6. e3 Ne4 7. h4 Nxg5 8. hxg5 Bxg5 9. Bd3 h6 10. Ne5 Nd7 11. Qh5 Nxe5 12. dxe5 Kd7 13. Qxf7+ Qe7 14. Qh5 Qf8 15. f4 Be7 16. 0-0-0 Kc7 17. Kb1 Bd7 18. cxd5 cxd5 19. Rc1 Kd8 20. f5 Rc8 21. Ne2 Bg5 22. fxe6 Bxe6 23. Nd4 Qe7 24. Nxe6+ Qxe6 25. Qxg5+ hxg5 26. Rxh8+ Ke7 27. Rcxc8 Qg4 28. Rc7+ 1-0

[Event "Orlova op-A 12th"]
[Site "Orlova"]
[Date "2015.05.31"]
[Round "9"]
[White "Cervenka, Roman"]
[Black "Adamczyk, Zuzanna"]
[Result "1-0"]
[WhiteElo "1825"]
[BlackElo "1486"]
[PlyCount "57"]
[EventDate "2015.05.24"]
[EventType "swiss"]
[EventRounds "9"]
[EventCountry "CZE"]
[SourceTitle "CBM 166 Extra"]
[Source "ChessBase"]
[SourceDate "2015.06.18"]
[SourceVersion "1"]
[SourceVersionDate "2015.06.18"]
[SourceQuality "1"]

1. e4 c5 2. Nc3 Nc6 3. f4 e6 4. Nf3 d5 5. e5 Nge7 6. Bb5 a6 7. Bxc6+ Nxc6 8. d3 b5 9. b3 Be7 10. 0-0 0-0 11. Bb2 Bb7 12. Ne2 f6 13. Rb1 Rb8 14. Qe1 fxe5 15. Nxe5 d4 16. Nxc6 Bxc6 17. Nxd4 Bxg2 18. Nxe6 Qd5 19. Qg3 g6 20. Nxf8 Bxf1 21. Nxg6 Kf7 22. Nxe7 Kxe7 23. Re1+ Kd7 24. Qg7+ Kc6 25. Qf6+ Kb7 26. Re7+ Kc8 27. Qf8+ Qd8 28. Qf5+ Qd7 29. Qxd7# 1-0

[Event "Orlova op-A 12th"]
[Site "Orlova"]
[Date "2015.05.29"]
[Round "6"]
[White "Sebesta, Jan"]
[Black "Cervenka, Roman"]
[Result "0-1"]
[WhiteElo "1455"]
[BlackElo "1825"]
[PlyCount "42"]
[EventDate "2015.05.24"]
[EventType "swiss"]
[EventRounds "9"]
[EventCountry "CZE"]
[SourceTitle "CBM 166 Extra"]
[Source "ChessBase"]
[SourceDate "2015.06.18"]
[SourceVersion "1"]
[SourceVersionDate "2015.06.18"]
[SourceQuality "1"]

1. e4 e5 2. Bc4 f5 3. Nf3 Nc6 4. d3 Nf6 5. Nc3 Bb4 6. Bg5 d6 7. 0-0 Bxc3 8. bxc3 Na5 9. Bb3 Nxb3 10. cxb3 0-0 11. Re1 h6 12. Bxf6 Qxf6 13. Qc2 Qg6 14. Nh4 Qg5 15. Nf3 Qh5 16. Re3 f4 17. Ree1 Bg4 18. Nd2 f3 19. gxf3 Rxf3 20. Nxf3 Bxf3 21. Re3 Qg4+ 0-1

[Event "Orlova op-A 12th"]
[Site "Orlova"]
[Date "2015.05.27"]
[Round "4"]
[White "Orzechowski, Michal"]
[Black "Cervenka, Roman"]
[Result "1-0"]
[WhiteElo "1372"]
[BlackElo "1825"]
[PlyCount "91"]
[EventDate "2015.05.24"]
[EventType "swiss"]
[EventRounds "9"]
[EventCountry "CZE"]
[SourceTitle "CBM 166 Extra"]
[Source "ChessBase"]
[SourceDate "2015.06.18"]
[SourceVersion "1"]
[SourceVersionDate "2015.06.18"]
[SourceQuality "1"]

1. e4 e5 2. Nf3 Nc6 3. c3 d6 4. d4 exd4 5. cxd4 Nf6 6. Nc3 Be7 7. Bb5 Bd7 8. e5 dxe5 9. dxe5 Ng8 10. 0-0 a6 11. Bc4 Bg4 12. Qd5 Qxd5 13. Bxd5 Bxf3 14. Bxf3 Nd8 15. Nd5 Rc8 16. Rd1 Bc5 17. b4 Ba7 18. Bb2 c6 19. Nf4 g5 20. e6 f6 21. Nh5 Bb8 22. Ng7+ Kf8 23. Rd7 Be5 24. Bxe5 fxe5 25. Bh5 Ne7 26. Rad1 Rg8 27. Rxd8+ Rxd8 28. Rxd8+ Kxg7 29. Rd7 Kf6 30. Rxb7 Kxe6 31. Ra7 Rb8 32. a3 Rb6 33. Be2 h6 34. Rxa6 Rxa6 35. Bxa6 Kd5 36. a4 Kd4 37. Bb7 Kc4 38. a5 Kb5 39. Kf1 Nd5 40. a6 Kb6 41. b5 Nc7 42. Bxc6 Nxa6 43. bxa6 Kxc6 44. Ke2 Kb6 45. Ke3 Kxa6 46. Ke4 1-0

[Event "Orlova op-A 11th"]
[Site "Orlova"]
[Date "2014.05.31"]
[Round "6"]
[White "Cervenka, Roman"]
[Black "Drozniak, Stanislaw"]
[Result "0-1"]
[WhiteElo "1838"]
[BlackElo "1476"]
[PlyCount "68"]
[EventDate "2014.05.26"]
[EventType "swiss"]
[EventRounds "9"]
[EventCountry "CZE"]
[SourceTitle "CBM 160 Extra"]
[Source "ChessBase"]
[SourceDate "2014.07.01"]
[SourceVersion "1"]
[SourceVersionDate "2014.07.01"]
[SourceQuality "1"]

1. e4 c6 2. d4 d5 3. Nc3 dxe4 4. Nxe4 Bf5 5. Ng3 Bg6 6. h4 h6 7. h5 Bh7 8. Nf3 Nd7 9. Bd3 Bxd3 10. Qxd3 Ngf6 11. Bd2 e6 12. Ne4 Qc7 13. Rh4 0-0-0 14. Bf4 Qa5+ 15. c3 Nxh5 16. Bd6 Nhf6 17. Bxf8 Rhxf8 18. Nxf6 Nxf6 19. Ne5 Nd7 20. Nxd7 Rxd7 21. b4 Qg5 22. g3 e5 23. b5 cxb5 24. Qxb5 exd4 25. Qc4+ Kb8 26. Rxd4 Rc8 27. Qe2 Rxd4 28. cxd4 Rc1+ 29. Rxc1 Qxc1+ 30. Qd1 Qxd1+ 31. Kxd1 Kc7 32. Kd2 Kd6 33. Kd3 g5 34. g4 a5 0-1

[Event "Orlova op-A 11th"]
[Site "Orlova"]
[Date "2014.05.30"]
[Round "5"]
[White "Havelka, Ondrej"]
[Black "Cervenka, Roman"]
[Result "1-0"]
[WhiteElo "1649"]
[BlackElo "1838"]
[PlyCount "77"]
[EventDate "2014.05.26"]
[EventType "swiss"]
[EventRounds "9"]
[EventCountry "CZE"]
[SourceTitle "CBM 160 Extra"]
[Source "ChessBase"]
[SourceDate "2014.07.01"]
[SourceVersion "1"]
[SourceVersionDate "2014.07.01"]
[SourceQuality "1"]

1. d4 d5 2. c4 c6 3. cxd5 cxd5 4. Nc3 e6 5. Nf3 Nf6 6. Bf4 Be7 7. e3 0-0 8. Bd3 Nbd7 9. 0-0 Nh5 10. Be5 Nxe5 11. Nxe5 Nf6 12. Rc1 a6 13. Na4 Nd7 14. f4 Nxe5 15. fxe5 f5 16. exf6 Rxf6 17. Rxf6 Bxf6 18. Qb3 b5 19. Nc5 Qd6 20. Bb1 g6 21. a3 Kg7 22. Ba2 Bd7 23. Rd1 Be8 24. Qd3 Bf7 25. Qc3 e5 26. Rf1 exd4 27. exd4 Re8 28. Qd3 Qe7 29. Nxa6 Qe3+ 30. Qxe3 Rxe3 31. Nb4 Bxd4 32. Nc2 Rxa3+ 33. Nxd4 Rxa2 34. b3 b4 35. Rf4 g5 36. Rf3 Kg6 37. Nc6 Rb2 38. Ne5+ Kh5 39. Nxf7 1-0

[Event "Orlova op-A 11th"]
[Site "Orlova"]
[Date "2014.05.27"]
[Round "2"]
[White "Olsar, Zdenek"]
[Black "Cervenka, Roman"]
[Result "1-0"]
[WhiteElo "1963"]
[BlackElo "1838"]
[PlyCount "89"]
[EventDate "2014.05.26"]
[EventType "swiss"]
[EventRounds "9"]
[EventCountry "CZE"]
[SourceTitle "CBM 160 Extra"]
[Source "ChessBase"]
[SourceDate "2014.07.01"]
[SourceVersion "1"]
[SourceVersionDate "2014.07.01"]
[SourceQuality "1"]

1. e4 e5 2. Nf3 d6 3. d4 exd4 4. Qxd4 Nc6 5. Bb5 Bd7 6. Bxc6 Bxc6 7. Nc3 h6 8. Bf4 Qf6 9. Qd2 Ne7 10. 0-0-0 Ng6 11. Bg3 Be7 12. Nd4 Qg5 13. f4 Qa5 14. h4 Bf6 15. h5 Ne7 16. Kb1 Bd7 17. e5 Bg4 18. exf6 Bxd1 19. fxe7 Bg4 20. Nb3 Qb6 21. Nd5 Qc6 22. Ne3 Be6 23. Nd4 Qb6 24. f5 Bd7 25. f6 gxf6 26. Bh4 Be6 27. Bxf6 Rg8 28. Nxe6 fxe6 29. g4 Kd7 30. Nc4 Qc5 31. Ne5+ Ke8 32. Ng6 Kd7 33. Qxh6 Qf2 34. Qg5 a6 35. Rd1 Kc6 36. h6 Qe2 37. Rc1 Qe4 38. e8Q+ Raxe8 39. Ne7+ Rxe7 40. Qxg8 Rh7 41. g5 d5 42. b3 a5 43. a4 Qf5 44. Qe8+ Kb6 45. Qb5+ 1-0

[Event "Karvina op"]
[Site "Karvina"]
[Date "2012.07.05"]
[Round "6"]
[White "Tyburec, Zdenek"]
[Black "Cervenka, Roman"]
[Result "1-0"]
[WhiteElo "1677"]
[BlackElo "1838"]
[PlyCount "103"]
[EventDate "2012.06.30"]
[EventType "swiss"]
[EventRounds "9"]
[EventCountry "CZE"]
[SourceTitle "EXT 2014"]
[Source "ChessBase"]
[SourceDate "2013.11.20"]
[SourceVersion "1"]
[SourceVersionDate "2013.11.20"]
[SourceQuality "1"]

1. Nc3 e5 2. e4 Nc6 3. a3 d6 4. h3 g6 5. Bb5 Bg7 6. Nf3 Nf6 7. d3 Bd7 8. Bc4 0-0 9. Bg5 Be6 10. h4 Bxc4 11. dxc4 h6 12. Bxf6 Bxf6 13. g4 Kg7 14. Qd2 Nd4 15. Nxd4 exd4 16. Ne2 Bxh4 17. 0-0-0 Bxf2 18. Qxh6+ Kf6 19. Qf4+ Ke6 20. Qxf2 c5 21. Nf4+ Kd7 22. Nd5 Kc6 23. Qf3 a6 24. Rd3 b5 25. cxb5+ axb5 26. b4 c4 27. Rxd4 Qg5+ 28. Kb2 Qe5 29. c3 Ra7 30. Ne3 f6 31. Nc2 Re7 32. Rhd1 Rd8 33. Re1 Kb6 34. Rd5 Qe6 35. Nd4 Qxd5 36. exd5 Rxe1 37. Nc2 Re7 38. Qxf6 Rdd7 39. Qxg6 Rg7 40. Qe4 Rde7 41. Qf4 Rg6 42. a4 Reg7 43. axb5 Kxb5 44. Na3+ Kb6 45. Nxc4+ Kc7 46. b5 Rxg4 47. Qxd6+ Kb7 48. Qc6+ Kb8 49. Ne5 Rg2+ 50. Kb3 Rc7 51. Qd6 Kb7 52. Qa6+ 1-0

[Event "Karvina op"]
[Site "Karvina"]
[Date "2012.07.02"]
[Round "3"]
[White "Cervenka, Roman"]
[Black "Zimniok, Lubomir"]
[Result "0-1"]
[WhiteElo "1838"]
[BlackElo "2146"]
[PlyCount "88"]
[EventDate "2012.06.30"]
[EventType "swiss"]
[EventRounds "9"]
[EventCountry "CZE"]
[SourceTitle "EXT 2014"]
[Source "ChessBase"]
[SourceDate "2013.11.20"]
[SourceVersion "1"]
[SourceVersionDate "2013.11.20"]
[SourceQuality "1"]

1. e4 c5 2. Nc3 Nc6 3. f4 g6 4. Nf3 Bg7 5. Bb5 d6 6. Bxc6+ bxc6 7. d3 Rb8 8. 0-0 e6 9. Qe1 Ne7 10. b3 0-0 11. Rb1 Re8 12. Bd2 Ba6 13. Qf2 f5 14. e5 Nd5 15. Na4 Nb6 16. Nb2 g5 17. fxg5 dxe5 18. Bc3 Nd7 19. Rfe1 Rb4 20. Bxb4 cxb4 21. Rbd1 Qc7 22. Na4 c5 23. Qh4 Bb7 24. Qh5 Re7 25. Qh4 Nf8 26. Qf2 e4 27. dxe4 fxe4 28. Nh4 Nd7 29. Qe2 Bd5 30. g6 hxg6 31. Nxg6 Rf7 32. Qh5 Nf6 33. Qe5 Ng4 34. Qxc7 Rxc7 35. h3 Bd4+ 36. Rxd4 cxd4 37. hxg4 Rxc2 38. Nf4 d3 39. Rd1 Rxa2 40. Nc5 Rc2 41. Ncxd3 exd3 42. Rxd3 Rc3 43. Rxc3 bxc3 44. b4 Bc4 0-1

[Event "Ostrava Konik op-C"]
[Site "Ostrava"]
[Date "2011.05.06"]
[Round "7"]
[White "Trojek, Miroslav"]
[Black "Cervenka, Roman"]
[Result "0-1"]
[WhiteElo "1916"]
[BlackElo "1843"]
[PlyCount "88"]
[EventDate "2011.04.30"]
[EventType "swiss"]
[EventRounds "9"]
[EventCountry "CZE"]
[SourceTitle "CBM 142 Extra"]
[Source "ChessBase"]
[SourceDate "2011.06.27"]
[SourceVersion "1"]
[SourceVersionDate "2011.06.27"]
[SourceQuality "1"]

1. e4 e5 2. Nf3 Nc6 3. d4 exd4 4. Nxd4 Nf6 5. Nc3 Bb4 6. Nxc6 bxc6 7. Bd3 Bxc3+ 8. bxc3 h6 9. 0-0 d6 10. Re1 0-0 11. Qf3 Nd7 12. Qg3 Qf6 13. Bd2 Re8 14. Qf4 Qxf4 15. Bxf4 Nc5 16. Rab1 Be6 17. a3 Rab8 18. f3 a5 19. Be3 Na4 20. Bd2 Nb6 21. Be3 c5 22. Kf2 Nd7 23. f4 Nf6 24. h3 c4 25. e5 cxd3 26. exf6 dxc2 27. Rxb8 Rxb8 28. Re2 Bf5 29. g4 Be4 30. Re1 Rb3 31. Bc1 d5 32. Re3 gxf6 33. Ke2 c6 34. Kd2 Rb8 35. Rg3 Rd8 36. g5 fxg5 37. fxg5 h5 38. Ke3 c5 39. Kd2 Re8 40. Rg1 Re5 41. h4 Rf5 42. Re1 Rf4 43. Re2 Rxh4 44. Rf2 Rh1 0-1

[Event "Ostrava Konik op-C"]
[Site "Ostrava"]
[Date "2011.05.05"]
[Round "6"]
[White "Cervenka, Roman"]
[Black "Plesnik, Miroslav"]
[Result "0-1"]
[WhiteElo "1843"]
[BlackElo "1892"]
[PlyCount "66"]
[EventDate "2011.04.30"]
[EventType "swiss"]
[EventRounds "9"]
[EventCountry "CZE"]
[SourceTitle "CBM 142 Extra"]
[Source "ChessBase"]
[SourceDate "2011.06.27"]
[SourceVersion "1"]
[SourceVersionDate "2011.06.27"]
[SourceQuality "1"]

1. e4 e6 2. d4 d5 3. Nc3 Nf6 4. e5 Nfd7 5. f4 c5 6. dxc5 Bxc5 7. Qg4 0-0 8. Nf3 f5 9. Qh3 h6 10. Bd3 Nc6 11. g4 Nd4 12. Nxd4 Bxd4 13. Ne2 Bb6 14. gxf5 exf5 15. Bxf5 Nc5 16. Bxc8 Rxc8 17. Nd4 Ne4 18. c3 Bxd4 19. cxd4 Qa5+ 20. Kf1 Rc2 21. Be3 Qb5+ 22. Kg1 Qe2 23. Rf1 Rf5 24. Qf3 Qd3 25. Rd1 Qb5 26. Qg4 Qxb2 27. h4 h5 28. Qh3 Qc3 29. Rh2 Rxh2 30. Kxh2 Qc2+ 31. Rd2 Nxd2 32. Kg3 Nc4 33. Bc1 g6 0-1

[Event "Ostrava Konik op-C"]
[Site "Ostrava"]
[Date "2011.05.03"]
[Round "4"]
[White "Simek, Jiri"]
[Black "Cervenka, Roman"]
[Result "1/2-1/2"]
[WhiteElo "2059"]
[BlackElo "1843"]
[PlyCount "49"]
[EventDate "2011.04.30"]
[EventType "swiss"]
[EventRounds "9"]
[EventCountry "CZE"]
[SourceTitle "CBM 142 Extra"]
[Source "ChessBase"]
[SourceDate "2011.06.27"]
[SourceVersion "1"]
[SourceVersionDate "2011.06.27"]
[SourceQuality "1"]

1. e4 e5 2. Nf3 Nc6 3. Bc4 Bc5 4. 0-0 d6 5. c3 Bg4 6. Qb3 Bxf3 7. Bxf7+ Kf8 8. gxf3 Qg5+ 9. Kh1 Qf6 10. Bh5 Bb6 11. d3 g6 12. Bg4 h5 13. Bh3 Qxf3+ 14. Bg2 Qf7 15. Qc2 Kg7 16. Na3 Nf6 17. Nc4 h4 18. h3 Nh5 19. a4 Raf8 20. Be3 Bxe3 21. Nxe3 Nf4 22. Rae1 Rh5 23. Qd1 Rg5 24. Ng4 Nd8 25. Rg1 1/2-1/2

[Event "Havirov op 11th"]
[Site "Havirov"]
[Date "2010.08.21"]
[Round "1"]
[White "Cervenka, Roman"]
[Black "Kociscak, Jiri"]
[Result "0-1"]
[WhiteElo "1855"]
[BlackElo "2278"]
[PlyCount "52"]
[EventDate "2010.08.21"]
[EventType "swiss"]
[EventRounds "9"]
[EventCountry "CZE"]
[SourceTitle "CBM 138 Extra"]
[Source "ChessBase"]
[SourceDate "2010.10.29"]
[SourceVersion "1"]
[SourceVersionDate "2010.10.29"]
[SourceQuality "1"]

1. e4 e5 2. Nf3 Nc6 3. d4 exd4 4. Nxd4 Bc5 5. Be3 Qf6 6. c3 Nge7 7. Bc4 Ne5 8. Be2 d6 9. 0-0 Qg6 10. Bh5 Qxe4 11. Bg5 Bg4 12. Bxg4 Qxg4 13. Qxg4 Nxg4 14. Re1 f6 15. Bh4 Kf7 16. Nb3 Bb6 17. N1d2 Nf5 18. Re4 h5 19. h3 Ngh6 20. Nc4 d5 21. Nxb6 axb6 22. Rf4 g5 23. Bxg5 fxg5 24. Rf3 g4 25. hxg4 hxg4 26. Rf4 c5 0-1

[Event "Orlova op 7th"]
[Site "Orlova"]
[Date "2010.05.25"]
[Round "5"]
[White "Cervenka, Roman"]
[Black "Bausano, Michael"]
[Result "1-0"]
[WhiteElo "2092"]
[BlackElo "1000"]
[PlyCount "73"]
[EventDate "2010.05.22"]
[EventType "swiss"]
[EventRounds "7"]
[EventCountry "CZE"]
[SourceTitle "EXT 2012"]
[Source "ChessBase"]
[SourceDate "2011.11.24"]
[SourceVersion "1"]
[SourceVersionDate "2011.11.24"]
[SourceQuality "1"]

1. e4 e5 2. Nf3 Nc6 3. d4 exd4 4. Nxd4 Bc5 5. Be3 Qf6 6. c3 Nge7 7. Be2 d5 8. 0-0 0-0 9. Nxc6 Qxc6 10. exd5 Nxd5 11. Bxc5 Qxc5 12. Bf3 Nb6 13. Nd2 Rd8 14. Qe2 c6 15. Rfe1 h6 16. Nb3 Qf8 17. Nd4 Bd7 18. Be4 Re8 19. Qf3 Nc4 20. Bc2 Nxb2 21. Reb1 Nc4 22. Qd3 Qc5 23. Nb3 Qd5 24. Qh7+ Kf8 25. Rd1 Qe5 26. Nc5 Rad8 27. Nd3 Qxc3 28. Nc5 Qe5 29. Nxb7 Bf5 30. Qh8+ Ke7 31. Nxd8 Qxa1 32. Qxe8+ Kxe8 33. Rxa1 Bxc2 34. Nxc6 a5 35. Rc1 Bd3 36. Rd1 Kd7 37. Nxa5 1-0

[Event "Orlova op 7th"]
[Site "Orlova"]
[Date "2010.05.22"]
[Round "1"]
[White "Valencikova, Sandra"]
[Black "Cervenka, Roman"]
[Result "1/2-1/2"]
[WhiteElo "1250"]
[BlackElo "2092"]
[PlyCount "23"]
[EventDate "2010.05.22"]
[EventType "swiss"]
[EventRounds "7"]
[EventCountry "CZE"]
[SourceTitle "EXT 2012"]
[Source "ChessBase"]
[SourceDate "2011.11.24"]
[SourceVersion "1"]
[SourceVersionDate "2011.11.24"]
[SourceQuality "1"]

1. e4 e5 2. Nf3 Nc6 3. Nc3 g6 4. d4 exd4 5. Nxd4 Bg7 6. Nxc6 Bxc3+ 7. bxc3 bxc6 8. Rb1 Qf6 9. Bd2 Ne7 10. Bd3 0-0 11. 0-0 d6 12. Rb2 1/2-1/2

[Event "Ostrava op"]
[Site "Ostrava"]
[Date "2010.05.09"]
[Round "9"]
[White "Cervenka, Roman"]
[Black "Gemsa, Matous"]
[Result "1-0"]
[WhiteElo "1870"]
[BlackElo "1700"]
[PlyCount "75"]
[EventDate "2010.05.01"]
[EventType "swiss"]
[EventRounds "9"]
[EventCountry "CZE"]
[SourceTitle "EXT 2011"]
[Source "ChessBase"]
[SourceDate "2010.11.26"]
[SourceVersion "1"]
[SourceVersionDate "2010.11.26"]
[SourceQuality "1"]

1. e4 e6 2. d4 d5 3. Nc3 Nf6 4. e5 Nfd7 5. f4 a6 6. Nf3 c5 7. Be3 Nc6 8. Be2 Qb6 9. Rb1 Qa7 10. dxc5 Bxc5 11. Bxc5 Qxc5 12. Qd2 b5 13. a3 Qa7 14. Bd3 g6 15. Ne2 Nc5 16. c3 Na5 17. Ned4 Bd7 18. Bc2 Nc4 19. Qf2 0-0 20. 0-0 f5 21. exf6 Rxf6 22. Qh4 Raf8 23. Ne5 Nd2 24. Ng4 R6f7 25. Nh6+ Kg7 26. Nxf7 Rxf7 27. Kh1 Nxf1 28. Rxf1 e5 29. Nf3 Rxf4 30. Qe7+ Rf7 31. Qxe5+ Kf8 32. Qh8+ Ke7 33. Re1+ Kd6 34. Qe5+ Kc6 35. Nd4+ Kb6 36. Qd6+ Kb7 37. Qxd5+ Kb8 38. Qxf7 1-0

[Event "Ostrava op"]
[Site "Ostrava"]
[Date "2010.05.08"]
[Round "8"]
[White "Zarsky, Kamil"]
[Black "Cervenka, Roman"]
[Result "1-0"]
[WhiteElo "2035"]
[BlackElo "1870"]
[PlyCount "61"]
[EventDate "2010.05.01"]
[EventType "swiss"]
[EventRounds "9"]
[EventCountry "CZE"]
[SourceTitle "EXT 2011"]
[Source "ChessBase"]
[SourceDate "2010.11.26"]
[SourceVersion "1"]
[SourceVersionDate "2010.11.26"]
[SourceQuality "1"]

1. Nf3 d5 2. d4 e6 3. c4 c6 4. Bf4 Bd6 5. g3 Bxf4 6. gxf4 Qd6 7. e3 Nf6 8. c5 Qc7 9. Nc3 Nbd7 10. Rc1 g6 11. Bd3 Nh5 12. b4 f5 13. a4 Nhf6 14. h4 Nh5 15. Ng5 Ndf6 16. Be2 Ke7 17. Nf3 Bd7 18. Ne5 Rhg8 19. Rg1 Rg7 20. Bxh5 Nxh5 21. Qxh5 gxh5 22. Rxg7+ Kf8 23. Rxd7 Qc8 24. Rxh7 Kg8 25. Rxh5 Qe8 26. Rg5+ Kh8 27. Kd2 Rc8 28. Rcg1 Rc7 29. Ng6+ Kg7 30. Ne7+ Kh6 31. Ng8+ 1-0

[Event "Ostrava op"]
[Site "Ostrava"]
[Date "2010.05.04"]
[Round "4"]
[White "Cervenka, Roman"]
[Black "Kvicala, Miroslav"]
[Result "1/2-1/2"]
[WhiteElo "1870"]
[BlackElo "2045"]
[PlyCount "124"]
[EventDate "2010.05.01"]
[EventType "swiss"]
[EventRounds "9"]
[EventCountry "CZE"]
[SourceTitle "EXT 2011"]
[Source "ChessBase"]
[SourceDate "2010.11.26"]
[SourceVersion "1"]
[SourceVersionDate "2010.11.26"]
[SourceQuality "1"]

1. e4 d5 2. exd5 Qxd5 3. Nc3 Qd8 4. d4 Nf6 5. Nf3 Bg4 6. h3 Bh5 7. Be3 e6 8. a3 c6 9. Bd3 Nbd7 10. Qe2 Bd6 11. 0-0-0 Qc7 12. g4 Bg6 13. Bg5 Bf4+ 14. Kb1 Nd5 15. Ne4 Bxg5 16. Nfxg5 h6 17. Nf3 Nf4 18. Qe1 Nxd3 19. Rxd3 0-0-0 20. Rb3 Rhe8 21. Qe3 f5 22. Nc3 f4 23. Qd2 Nc5 24. Rb4 a5 25. Rc4 Ne4 26. Nxe4 Bxe4 27. Qe2 Bd5 28. Rc3 Bxf3 29. Qxf3 Rxd4 30. Re1 e5 31. Rc5 e4 32. Qc3 Rd5 33. Rc4 Rde5 34. Qd4 c5 35. Qd2 b5 36. Rc3 g5 37. b4 axb4 38. axb4 c4 39. Ra3 Kb8 40. Qd4 R8e7 41. Qa1 Qb7 42. Rd1 Re8 43. Rd8+ Rxd8 44. Qxe5+ Kc8 45. Qc5+ Kb8 46. Ra5 Rd5 47. Qf8+ Kc7 48. Qe7+ Kb8 49. Qe8+ Kc7 50. Ra8 Rd7 51. Qe5+ Rd6 52. Rf8 Qd5 53. Qg7+ Rd7 54. Qc3 Qd1+ 55. Ka2 Qd4 56. Qa3 Qb6 57. Qa8 Qb7 58. Qa5+ Kc6 59. Rf6+ Rd6 60. Rf5 Rd5 61. Rf6+ Rd6 62. Rf5 Rd5 1/2-1/2

[Event "Ostrava op"]
[Site "Ostrava"]
[Date "2009.05.10"]
[Round "9"]
[White "Plesnik, Miroslav"]
[Black "Cervenka, Roman"]
[Result "1-0"]
[WhiteElo "1860"]
[BlackElo "1875"]
[PlyCount "82"]
[EventDate "2009.05.02"]
[EventType "swiss"]
[EventRounds "9"]
[EventCountry "CZE"]
[SourceTitle "EXT 2011"]
[Source "ChessBase"]
[SourceDate "2010.11.26"]
[SourceVersion "1"]
[SourceVersionDate "2010.11.26"]
[SourceQuality "1"]

1. d4 d5 2. Nf3 e6 3. c4 Be7 4. Nc3 c6 5. cxd5 exd5 6. Bf4 Nf6 7. e3 0-0 8. Be2 Nbd7 9. 0-0 Re8 10. a3 Nf8 11. h3 Ng6 12. Bh2 Bd6 13. Rc1 Bxh2+ 14. Nxh2 Ne4 15. Nxe4 dxe4 16. Qb3 Qg5 17. Rc5 Qe7 18. Bg4 Qc7 19. Bxc8 Raxc8 20. Rfc1 Re6 21. d5 Rd6 22. dxc6 Rxc6 23. Rxc6 bxc6 24. Qc4 Qe5 25. b4 h5 26. Nf1 Ne7 27. Ng3 Nf5 28. Nxe4 Ne7 29. Rd1 Nd5 30. Qd4 Qxd4 31. Rxd4 Kf8 32. Rc4 Nb6 33. Rc5 Nd5 34. b5 Ne7 35. Rxh5 cxb5 36. Rxb5 Rc1+ 37. Kh2 Nc6 38. Kg3 Ra1 39. Rc5 Ne7 40. Ra5 Nc6 41. Ra6 Rc1 1-0

[Event "Ostrava op"]
[Site "Ostrava"]
[Date "2009.05.08"]
[Round "7"]
[White "Cervenka, Roman"]
[Black "Hlubina, Pavel"]
[Result "1/2-1/2"]
[WhiteElo "1875"]
[BlackElo "1965"]
[PlyCount "32"]
[EventDate "2009.05.02"]
[EventType "swiss"]
[EventRounds "9"]
[EventCountry "CZE"]
[SourceTitle "EXT 2011"]
[Source "ChessBase"]
[SourceDate "2010.11.26"]
[SourceVersion "1"]
[SourceVersionDate "2010.11.26"]
[SourceQuality "1"]

1. e4 c5 2. Nc3 Nc6 3. f4 e6 4. Bb5 Nd4 5. Nf3 Nxb5 6. Nxb5 a6 7. Nc3 d6 8. 0-0 Be7 9. d3 Nf6 10. Bd2 0-0 11. e5 Nd7 12. exd6 Bxd6 13. Ne4 Be7 14. Bc3 Nf6 15. Nxf6+ Bxf6 16. Bxf6 Qxf6 1/2-1/2

[Event "Ostrava op"]
[Site "Ostrava"]
[Date "2009.05.02"]
[Round "1"]
[White "Krupansky, Jaromir"]
[Black "Cervenka, Roman"]
[Result "1/2-1/2"]
[WhiteElo "1635"]
[BlackElo "1875"]
[PlyCount "48"]
[EventDate "2009.05.02"]
[EventType "swiss"]
[EventRounds "9"]
[EventCountry "CZE"]
[SourceTitle "EXT 2011"]
[Source "ChessBase"]
[SourceDate "2010.11.26"]
[SourceVersion "1"]
[SourceVersionDate "2010.11.26"]
[SourceQuality "1"]

1. e4 e5 2. Nf3 Nc6 3. Bc4 Bc5 4. b4 Bxb4 5. c3 Ba5 6. d4 h6 7. 0-0 Nf6 8. dxe5 Nxe4 9. Qd4 0-0 10. Qxe4 Re8 11. Qg6 d5 12. exd6 Be6 13. Bxe6 Rxe6 14. Qh5 Rxd6 15. Ne5 Nxe5 16. Qxe5 Rd5 17. Qe2 Qd7 18. c4 Rd6 19. Bb2 Re8 20. Qc2 Rg6 21. Bc3 Rxg2+ 22. Kxg2 Qg4+ 23. Kh1 Qf3+ 24. Kg1 Qg4+ 1/2-1/2